Countries with extreme points of Europe - Statistics

General Stats
  • This quiz has been taken 192 times
  • The average score is 7 of 8
Answer Stats
Extreme points Answer % Correct
Northernmost point (island), 81° 48′ 24″ N Russia
96%
Northernmost point (mainland), 71° 08′ 02″ N Norway
91%
Southernmost point (mainland), 36° 00′ 15″ N Spain
89%
Westernmost point (mainland), 9º29'56.44 W Portugal
88%
Southernmost point (island), 34° 48′ 02″ N Greece
87%
Westernmost point (island), 31° 16′ 30″ W Portugal
83%
Highest point, 5642m Russia
78%
Lowest point, -28m Russia
43%
No matching quizzes found
Score Distribution
Percent of People with Each Score
Percentile by Number Answered
Your Score History
You have not taken this quiz